00733nam a22002057a 450000500170000001000150001702000260003203500130005803700130007108200120008410000280009624500750012426000440019927000630024330000220030650000190032894200260034799900170037395201370039020100821123025.0 aENG-101177 a9788124115299c295.00 aEN-84710 bDBAD/PUB a915.413 aBudhwar, Prem K.916748 aThe call of the mountains :bUttrakhand explored /cby Prem K. Budhwar aNew DelhibHar-Anand Publicationsc2010 aE-49/3, Okhla Industrial Area, Phase-IIbNew Delhie110020 a133p.c21cm (pbk) aIncludes index 2ddccENh915.413mBUD c42863d42863 001040718NFICaDBADbDBADd2010-08-21eDBAD/PUBg295.00l0o915.413 BUDpEN-84710r2010-08-21 00:00:00t1v295.00w2010-08-21yEN